000 00481nam a2200181Ia 4500
008 180207s9999 xx 000 0 und d
020 _a9780439870498
050 _bN713 2006
100 _aNimm, Suzanne D.
245 _aDora the explorer :
245 _baround the world /
245 _cadapted by Suzanne D. Nimm ; illustrated by Ron Zalme.
260 _aNew York :
260 _bScholastic,
260 _c2006
300 _aunpaged :
300 _bcolor illustration ;
999 _c355231
_d355231